00832cam a22002774a 45000010005000000030006000050050017000110080041000280100017000690200036000860200025001220400018001470420008001650500024001730820018001971000014002152450031002292600034002603000045002944900031003395050007003705200101003775210019004785210019004976500038005161790FISKH20260305152320.0110802s2012 nyua j b 001 0 eng  a 2011032560 a9780531208625 (library binding) a9780531209318 (pbk.) aDLCcDLCbeng apcc00aQE862.O65bM37 201200a567.915/82231 aMara, Wil10aTriceratops /cby Wil Mara aNew York :bScholastic,c2012 a32 pages :bcolor illustrations ;c18 cm aRookie Read-About Dinosaur aG  aIntroduces triceratops, examining their physical characteristics, eating habits, and extinction.8 a420 bLexile 8 aG bRaz-Plus  0aTriceratopsvJuvenile literature.